000 00511nam a2200169Ia 4500
008 240729s9999 xx 000 0 und d
022 _a2767-3219
245 0 _aPLOS Water
260 _aUnited States
260 _bPublic Library of Science (PLoS)
650 _a Environmental technology. Sanitary engineering
650 _a Water supply for domestic and industrial purposes
650 _aTechnology
856 _uhttps://doaj.org/toc/6d734cb467e04be2ae7f94f72ff1a3e4
942 _2ddc
942 _cDOAJEJ
999 _c67486
_d67486
945 _a1
_bMadushi Gamage
_c1
_dMadushi Gamage